Pěšky mezi buddhisty a komunisty /
Vtipné vyprávění cestovale Ladislava Zibury, který ve své nové knížce zaznamenal zážitky a zkušenosti z dobrodružného pěšího putování po Nepálu a Číně.
Uloženo v:
| Hlavní autor: | |
|---|---|
| Médium: | E-kniha |
| Jazyk: | Czech |
| Vydáno: |
Brno :
BizBooks,
2019
|
| Vydání: | 2. vydání |
| Témata: | |
| Tagy: |
Žádné tagy |
| LEADER | 04437nam a2200889 i 4500 | ||
|---|---|---|---|
| 001 | 311193 | ||
| 003 | CZ PrSKC | ||
| 005 | 20260601215701.0 | ||
| 007 | ta | ||
| 008 | 190905s2019 xr a e 000 jacze | ||
| 015 | |a cnb003131477 | ||
| 020 | |a 9788026509561 |q (soubor 2020) : |c Kč 1190,00 | ||
| 020 | |a 978-80-265-1111-3 |q (soubor 2022) : |c Kč 1490,00 | ||
| 020 | |a 978-80-265-0877-9 |q (vázáno) : |c Kč 329,00 | ||
| 035 | |a (OCoLC)1122793554 | ||
| 040 | |a BOA001 |b cze |d ABA001 |e rda | ||
| 043 | |a e-xr--- |a a-np--- |a a-cc--- |a ah----- | ||
| 045 | |a y1y1 | ||
| 072 | 7 | |a 913(5) |x Geografie Asie, reálie, cestování |2 Konspekt | |
| 072 | 7 | |a 929 |x Biografie |2 Konspekt | |
| 080 | |a 910.4-051 |2 MRF | ||
| 080 | |a 913:910.4 |2 MRF | ||
| 080 | |a 796.51 |2 MRF | ||
| 080 | |a 929 |2 MRF | ||
| 080 | |a 913(541.35) |2 MRF | ||
| 080 | |a 913(510) |2 MRF | ||
| 080 | |a 913(5-191.2) |2 MRF | ||
| 080 | |a (437.3) |2 MRF | ||
| 080 | |a (541.35) |2 MRF | ||
| 080 | |a (510) |2 MRF | ||
| 080 | |a (5-191.2) |2 MRF | ||
| 080 | |a (0:82-992) |2 MRF | ||
| 080 | |a (0:82-322.6) |2 MRF | ||
| 100 | 1 | |a Zibura, Ladislav, |d 1992- |7 ola2015893402 |4 aut | |
| 245 | 1 | 0 | |a Pěšky mezi buddhisty a komunisty / |c Ladislav Zibura |
| 250 | |a 2. vydání | ||
| 264 | 1 | |a Brno : |b BizBooks, |c 2019 | |
| 300 | |a 298 stran : |b barevné ilustrace ; |c 22 cm | ||
| 336 | |a text |b txt |2 rdacontent | ||
| 337 | |a bez média |b n |2 rdamedia | ||
| 338 | |a svazek |b nc |2 rdacarrier | ||
| 500 | |a Dotisk v roce 2021 | ||
| 500 | |a Část nákladu distribuována v roce 2020 ve čtyřsvazkovém souboru ve společném kartonovém pouzdru se souborným názvem: Všechny krásy světa; příloha k souboru: puzzle Stará mapa světa; ISBN souboru pouze na krabici | ||
| 500 | |a Část nákladu distribuována v roce 2022 ve čtyřsvazkovém souboru ve společném kartonovém pouzdru se souborným názvem: Všechny krásy světa; ISBN souboru pouze na krabici | ||
| 520 | 2 | |a Vtipné vyprávění cestovale Ladislava Zibury, který ve své nové knížce zaznamenal zážitky a zkušenosti z dobrodružného pěšího putování po Nepálu a Číně. |b Cílem cest Ladislava Zibury není poznání pamětihodností exotických zemí, ale spíše seznámení se s realitou všedního dne v různých koutech světa. Víc než historie a památky ho fascinují lidé a jejich život. Chodí pěšky, spí u cizích lidí doma, zažívá krušné chvíle, ale nikdy ho neopouští humor a nadhled. Cestopisný text doprovází originální barevné ilustrace. | |
| 600 | 1 | 7 | |a Zibura, Ladislav, |d 1992- |7 ola2015893402 |2 czenas |
| 648 | 7 | |a 2016 |7 ch967318 |2 czenas | |
| 648 | 7 | |a 2011-2020 |7 ch460589 |2 czenas | |
| 648 | 7 | |a 20.-21. století |7 ch462155 |2 czenas | |
| 650 | 0 | 7 | |a cestovatelé |7 ph119109 |z Česko |y 20.-21. století |2 czenas |
| 650 | 0 | 7 | |a cesty a pobyt |7 ph137578 |z Nepál |y 2011-2020 |2 czenas |
| 650 | 0 | 7 | |a cesty a pobyt |7 ph137578 |z Čína |y 2011-2020 |2 czenas |
| 650 | 0 | 7 | |a pěší turistika |7 ph124864 |z Nepál |2 czenas |
| 650 | 0 | 7 | |a pěší turistika |7 ph124864 |z Čína |2 czenas |
| 650 | 0 | 9 | |a travellers |z Czechia |y 20th-21st centuries |2 eczenas |
| 650 | 0 | 9 | |a travels and stays |z Nepal |y 2011-2020 |2 eczenas |
| 650 | 0 | 9 | |a travels and stays |z China |y 2011-2020 |2 eczenas |
| 650 | 0 | 9 | |a hiking |z Nepal |2 eczenas |
| 650 | 0 | 9 | |a hiking |z China |2 eczenas |
| 651 | 7 | |a Nepál |7 ge130158 |x reálie |2 czenas | |
| 651 | 7 | |a Čína |7 ge131732 |x reálie |2 czenas | |
| 651 | 7 | |a Himálaj (pohoří) |7 ge134213 |x reálie |2 czenas | |
| 651 | 9 | |a Nepal |x description and travel |2 eczenas | |
| 651 | 9 | |a China |x description and travel |2 eczenas | |
| 651 | 9 | |a Himalay Mountains |x description and travel |2 eczenas | |
| 655 | 7 | |a cestopisy |7 fd131956 |2 czenas | |
| 655 | 7 | |a autobiografické příběhy |7 fd131891 |2 czenas | |
| 655 | 9 | |a books of travels |2 eczenas | |
| 655 | 9 | |a autobiographical stories |2 eczenas | |
| 740 | 0 | 2 | |a Všechny krásy světa |
| 740 | 0 | 2 | |a Stará mapa světa - puzzle |
| 900 | |a ABA001 |b 20 | ||
| 928 | 9 | |a Albatros Media - BizBooks | |
| 044 | |a xr | ||
| 910 | |a RBIT002 | ||
| 998 | |d 206530 |a https://core.palmknihy.cz/api/books/206530/cover?qak91s |b https://core.palmknihy.cz/api/books/206530/cover/400?qak91s |c https://core.palmknihy.cz/api/books/206530/cover/50?qak91s |e 2026-12-31 |g 304 |i 9788026508779 |j https://core.palmknihy.cz/api/books/206530/preview.epub |k https://core.palmknihy.cz/api/books/206530/preview.pdf |l |q 49 |r 1 |s https://www.palmknihy.cz/kniha/206530 |t ebook |y 2019 |z 0 | ||
| 999 | |d 311191 | ||